Introduction to mine surveying / (Record no. 85766)
[ view plain ]
| 000 -LEADER | |
|---|---|
| fixed length control field | 00849nam a2200289 a 4500 |
| 001 - CONTROL NUMBER | |
| control field | 85766 |
| 003 - CONTROL NUMBER IDENTIFIER | |
| rucl marc code | BD-RjUL |
| 005 - DATE AND TIME OF LATEST TRANSACTION | |
| control field | 20250928155543.0 |
| 008 - FIXED-LENGTH DATA ELEMENTS--GENERAL INFORMATION | |
| fixed length control field | 250928s1964 cau 000 0 eng |
| 035 ## - SYSTEM CONTROL NUMBER | |
| System control number | 7048478 |
| System control number | (BD-RjUL)85766 |
| 040 ## - CATALOGING SOURCE | |
| Original cataloging agency | DLC |
| Transcribing agency | FO |
| Modifying agency | DLC |
| -- | BD-RjUL |
| Language of cataloging | eng |
| 041 ## - LANGUAGE CODE | |
| Language code of text/sound track or separate title | eng |
| 082 ## - DEWEY DECIMAL CLASSIFICATION NUMBER | |
| Edition number | 23 |
| Classification number | 622.14 |
| Author mark and year | STI 1964 |
| 100 1# - MAIN ENTRY--PERSONAL NAME | |
| Personal name | Staley, William Wesley, |
| Dates associated with a name | 1898- |
| 9 (RLIN) | 17010 |
| 245 10 - TITLE STATEMENT | |
| Title | Introduction to mine surveying / |
| Statement of responsibility, etc. | by W. W. Staley. |
| 250 ## - EDITION STATEMENT | |
| Edition statement | 2d ed. |
| 260 ## - PUBLICATION, DISTRIBUTION, ETC. (IMPRINT) | |
| Place of publication, distribution, etc. | Stanford University, Calif., |
| Name of publisher, distributor, etc. | Stanford University Press |
| Date of publication, distribution, etc. | 1964 |
| 300 ## - PHYSICAL DESCRIPTION | |
| Pagination | viii, 303 p.: |
| Illustrations | illus.; |
| Size | 25 cm. |
| 336 ## - CONTENT TYPE | |
| Content type term | text |
| Content type code | txt |
| Source | rdacontent |
| 337 ## - MEDIA TYPE | |
| Media type term | unmediated |
| Media type code | n |
| Source | rdamedia |
| 338 ## - CARRIER TYPE | |
| Carrier type term | volume |
| Carrier type code | nc |
| Source | rdacarrier |
| 504 ## - BIBLIOGRAPHY, ETC. NOTE | |
| Bibliography, etc | Bibliography: p. [293]-297. |
| 650 #0 - SUBJECT ADDED ENTRY--TOPICAL TERM | |
| Topical term or geographic name as entry element | Mine surveying. |
| 9 (RLIN) | 17011 |
| 942 ## - ADDED ENTRY ELEMENTS (KOHA) | |
| Source of classification or shelving scheme | Dewey Decimal Classification |
| Koha item type | Books |
| Lost status | Source of classification or shelving scheme | Damaged status | Not for loan | Collection code | Permanent Location | Current Location | Shelving location | Date acquired | Source of acquisition | Total Checkouts | Full call number | Date last seen | Copy number | Koha item type |
|---|---|---|---|---|---|---|---|---|---|---|---|---|---|---|
| Dewey Decimal Classification | Not For Loan | Non-fiction | Central Library, University of Rajshahi | Central Library, University of Rajshahi | Reading Room | 09/09/2024 | A.B.M. Husain | 622.14 STI 1964 | 28/09/2025 | C-1 | Books |